[Event "Russian Blitz Championship (m)"]
[Site "Sochi"]
[Date "2022.10.14"]
[Round "3.14"]
[White "Drygalov, Andrey"]
[Black "Baigildin, Albert"]
[Result "1-0"]
[BlackElo "2258"]
[WhiteElo "2498"]
[LiveChessVersion "1.4.8"]

1. e4 {[%clk 0:03:03]} e5 {[%clk 0:03:02]} 2. Nf3 {[%clk 0:03:04]} Nc6
{[%clk 0:03:03]} 3. Bc4 {[%clk 0:03:05]} Bc5 {[%clk 0:02:59]} 4. O-O
{[%clk 0:03:05]} Nf6 {[%clk 0:02:59]} 5. d3 {[%clk 0:03:06]} h6 {[%clk 0:02:57]}
6. c3 {[%clk 0:03:07]} d6 {[%clk 0:02:57]} 7. Re1 {[%clk 0:03:06]} O-O
{[%clk 0:02:57]} 8. h3 {[%clk 0:03:05]} a5 {[%clk 0:02:57]} 9. Nbd2
{[%clk 0:03:06]} Be6 {[%clk 0:02:53]} 10. Bb5 {[%clk 0:03:07]} Qb8
{[%clk 0:02:53]} 11. Nf1 {[%clk 0:03:07]} Qa7 {[%clk 0:02:54]} 12. Be3
{[%clk 0:03:07]} Bxe3 {[%clk 0:02:04]} 13. Nxe3 {[%clk 0:03:08]} Ne7 14. a4 c6
{[%clk 0:01:57]} 15. Bc4 {[%clk 0:03:10]} Ng6 {[%clk 0:01:58]} 16. Qc2
{[%clk 0:02:36]} Rfe8 {[%clk 0:01:33]} 17. Bxe6 {[%clk 0:02:28]} fxe6
{[%clk 0:01:17]} 18. d4 {[%clk 0:02:26]} Nh5 {[%clk 0:01:12]} 19. Nc4
{[%clk 0:02:14]} Qb8 {[%clk 0:01:12]} 20. Rad1 {[%clk 0:02:09]} Qc7
{[%clk 0:00:56]} 21. dxe5 {[%clk 0:01:54]} dxe5 {[%clk 0:00:54]} 22. Rd2
{[%clk 0:01:54]} Re7 {[%clk 0:00:50]} 23. Qb3 {[%clk 0:01:46]} Rf8
{[%clk 0:00:38]} 24. Re3 {[%clk 0:01:47]} Nhf4 {[%clk 0:00:33]} 25. Qb6
{[%clk 0:01:45]} Qb8 {[%clk 0:00:32]} 26. Qxa5 {[%clk 0:01:41]} b5
{[%clk 0:00:25]} 27. axb5 {[%clk 0:01:32]} cxb5 {[%clk 0:00:26]} 28. Nd6
{[%clk 0:01:10]} Ra7 {[%clk 0:00:21]} 29. Qxb5 {[%clk 0:00:58]} Ra1+
{[%clk 0:00:21]} 30. Kh2 {[%clk 0:00:34]} Qd8 {[%clk 0:00:15]} 31. Nc4
{[%clk 0:00:27]} Qf6 {[%clk 0:00:14]} 32. Ncxe5 {[%clk 0:00:20]} Nh4
{[%clk 0:00:12]} 33. Ng4 {[%clk 0:00:08]} Nxf3+ {[%clk 0:00:11]} 34. Rxf3
{[%clk 0:00:10]} Qg6 {[%clk 0:00:12]} 35. Qe5 {[%clk 0:00:08]} Nh5
{[%clk 0:00:09]} 36. Rxf8+ {[%clk 0:00:08]} Kxf8 {[%clk 0:00:10]} 37. Rd8+
{[%clk 0:00:10]} 1-0

[Event "Russian Blitz Championship (m)"]
[Site "Sochi"]
[Date "2022.10.14"]
[Round "3.15"]
[White "Timerkhanov, Alexander"]
[Black "Zakhartsov, Vladimir"]
[Result "1-0"]
[BlackElo "2492"]
[WhiteElo "2272"]
[LiveChessVersion "1.4.8"]

1. d4 {[%clk 0:03:02]} Nf6 {[%clk 0:03:03]} 2. Bg5 {[%clk 0:03:03]} d5
{[%clk 0:02:52]} 3. Nd2 {[%clk 0:03:04]} Nbd7 {[%clk 0:02:53]} 4. Ngf3
{[%clk 0:03:04]} c5 {[%clk 0:02:42]} 5. e3 {[%clk 0:03:04]} g6 {[%clk 0:02:41]}
6. Bxf6 {[%clk 0:02:35]} Nxf6 {[%clk 0:02:38]} 7. c3 {[%clk 0:02:18]} e6
{[%clk 0:02:23]} 8. Ne5 {[%clk 0:02:14]} Bd6 {[%clk 0:02:21]} 9. f4
{[%clk 0:02:14]} h5 {[%clk 0:02:16]} 10. Bb5+ {[%clk 0:02:11]} Kf8
{[%clk 0:02:17]} 11. Bd3 {[%clk 0:02:04]} Kg7 {[%clk 0:02:16]} 12. O-O
{[%clk 0:02:04]} b6 {[%clk 0:02:11]} 13. Ndf3 {[%clk 0:02:01]} Ng4
{[%clk 0:01:39]} 14. Qe2 {[%clk 0:01:59]} Bb7 {[%clk 0:01:23]} 15. h3
{[%clk 0:01:49]} Nxe5 {[%clk 0:01:24]} 16. fxe5 {[%clk 0:01:50]} Be7
{[%clk 0:01:23]} 17. Rf2 {[%clk 0:01:49]} Qc7 {[%clk 0:00:58]} 18. Raf1
{[%clk 0:01:49]} Raf8 {[%clk 0:00:58]} 19. g3 {[%clk 0:01:44]} Bc6
{[%clk 0:00:55]} 20. h4 {[%clk 0:01:44]} Qd8 {[%clk 0:00:54]} 21. Kh2
{[%clk 0:01:41]} Be8 {[%clk 0:00:48]} 22. Ne1 {[%clk 0:01:41]} f5
{[%clk 0:00:40]} 23. exf6+ {[%clk 0:01:29]} Rxf6 {[%clk 0:00:41]} 24. Ng2
{[%clk 0:01:29]} Rhf8 {[%clk 0:00:38]} 25. Nf4 {[%clk 0:01:26]} Qd6
{[%clk 0:00:37]} 26. dxc5 {[%clk 0:01:18]} bxc5 {[%clk 0:00:36]} 27. e4
{[%clk 0:01:19]} dxe4 {[%clk 0:00:27]} 28. Qxe4 {[%clk 0:01:20]} Kg8
{[%clk 0:00:11]} 29. Bc4 {[%clk 0:01:16]} Kh8 {[%clk 0:00:09]} 30. Bxe6 Bc6 31.
Qe3 {[%clk 0:01:11]} Kg7 {[%clk 0:00:11]} 32. Nxh5+ {[%clk 0:00:40]} gxh5
{[%clk 0:00:09]} 33. Qg5+ {[%clk 0:00:41]} Kh7 {[%clk 0:00:09]} 34. Qxh5+
{[%clk 0:00:32]} Kg7 {[%clk 0:00:10]} 35. Qg5+ {[%clk 0:00:31]} Kh7
{[%clk 0:00:09]} 36. Rxf6 {[%clk 0:00:19]} Rxf6 {[%clk 0:00:10]} 37. Rxf6 Bxf6
{[%clk 0:00:11]} 38. Qh5+ {[%clk 0:00:08]} Kg7 {[%clk 0:00:12]} 39. Qf7+
{[%clk 0:00:09]} Kh6 {[%clk 0:00:09]} 40. Qxf6+ {[%clk 0:00:10]} Kh7
{[%clk 0:00:09]} 41. Bf5+ {[%clk 0:00:11]} Kg8 {[%clk 0:00:11]} 42. Qxd6
{[%clk 0:00:12]} 1-0

[Event "Russian Blitz Championship (m)"]
[Site "Sochi"]
[Date "2022.10.14"]
[Round "3.16"]
[White "Bocharov, Dmitry"]
[Black "Zverev, Lev"]
[Result "0-1"]
[BlackElo "2207"]
[WhiteElo "2484"]
[LiveChessVersion "1.4.8"]

1. Nf3 {[%clk 0:03:01]} Nf6 {[%clk 0:03:03]} 2. g3 {[%clk 0:03:02]} b5
{[%clk 0:03:03]} 3. Bg2 {[%clk 0:02:56]} Bb7 {[%clk 0:03:03]} 4. O-O
{[%clk 0:02:56]} e6 {[%clk 0:03:03]} 5. d3 {[%clk 0:02:56]} c5 {[%clk 0:03:02]}
6. c4 {[%clk 0:02:42]} a6 {[%clk 0:02:28]} 7. e4 {[%clk 0:02:31]} d6
{[%clk 0:02:20]} 8. Nc3 {[%clk 0:02:29]} b4 {[%clk 0:02:18]} 9. Na4
{[%clk 0:02:07]} Nbd7 {[%clk 0:02:15]} 10. d4 {[%clk 0:01:34]} Nxe4
{[%clk 0:01:56]} 11. Re1 {[%clk 0:01:28]} Nef6 {[%clk 0:01:46]} 12. Bf4
{[%clk 0:00:47]} Be7 {[%clk 0:01:39]} 13. d5 {[%clk 0:00:18]} e5 {[%clk 0:01:36]}
14. Nxe5 {[%clk 0:00:19]} dxe5 {[%clk 0:01:13]} 15. d6 {[%clk 0:00:18]} Bxg2
{[%clk 0:01:07]} 16. Bxe5 {[%clk 0:00:09]} Be4 {[%clk 0:00:51]} 17. dxe7 0-1

[Event "Russian Blitz Championship (m)"]
[Site "Sochi"]
[Date "2022.10.14"]
[Round "3.17"]
[White "Kulaev, Maxim"]
[Black "Triapishko, Alexandr"]
[Result "0-1"]
[BlackElo "2479"]
[WhiteElo "2227"]
[LiveChessVersion "1.4.8"]

1. c4 {[%clk 0:03:03]} e5 {[%clk 0:03:02]} 2. Nc3 {[%clk 0:03:04]} Nf6
{[%clk 0:03:03]} 3. Nf3 {[%clk 0:03:05]} Nc6 {[%clk 0:03:04]} 4. a3
{[%clk 0:03:06]} g6 {[%clk 0:02:55]} 5. g3 {[%clk 0:03:06]} Bg7 {[%clk 0:02:56]}
6. Bg2 {[%clk 0:03:07]} O-O {[%clk 0:02:56]} 7. O-O {[%clk 0:03:07]} a5
{[%clk 0:02:47]} 8. d3 {[%clk 0:03:05]} d6 {[%clk 0:02:46]} 9. Rb1
{[%clk 0:03:04]} Nd4 {[%clk 0:02:47]} 10. Ne1 {[%clk 0:02:40]} c6
{[%clk 0:02:37]} 11. e3 {[%clk 0:02:34]} Nf5 {[%clk 0:02:23]} 12. e4
{[%clk 0:02:03]} Nd4 {[%clk 0:02:19]} 13. Nc2 {[%clk 0:02:03]} Nb3
{[%clk 0:01:58]} 14. Be3 {[%clk 0:01:40]} Ng4 {[%clk 0:01:52]} 15. Ne1
{[%clk 0:01:10]} Nxe3 {[%clk 0:01:40]} 16. fxe3 {[%clk 0:01:11]} Nc5
{[%clk 0:01:42]} 17. b4 {[%clk 0:01:12]} axb4 {[%clk 0:01:41]} 18. axb4
{[%clk 0:01:13]} Ne6 {[%clk 0:01:33]} 19. Nc2 {[%clk 0:01:12]} h5
{[%clk 0:01:27]} 20. Qe2 {[%clk 0:00:47]} Ng5 {[%clk 0:01:15]} 21. Ra1
{[%clk 0:00:36]} Bg4 {[%clk 0:00:52]} 22. Qd2 {[%clk 0:00:27]} Rxa1
{[%clk 0:00:27]} 23. Rxa1 {[%clk 0:00:28]} h4 {[%clk 0:00:28]} 24. gxh4
{[%clk 0:00:25]} Ne6 {[%clk 0:00:22]} 25. Qf2 {[%clk 0:00:21]} Bf6
{[%clk 0:00:24]} 26. Bf3 {[%clk 0:00:13]} Bxh4 {[%clk 0:00:24]} 27. Qg2
{[%clk 0:00:15]} Bxf3 {[%clk 0:00:20]} 28. Qxf3 {[%clk 0:00:16]} Kg7
{[%clk 0:00:17]} 29. Qg4 {[%clk 0:00:14]} Rh8 {[%clk 0:00:09]} 30. Kg2
{[%clk 0:00:13]} Rh5 {[%clk 0:00:10]} 31. Kh1 {[%clk 0:00:11]} Bf6
{[%clk 0:00:10]} 32. Rf1 {[%clk 0:00:05]} Qh8 {[%clk 0:00:09]} 33. Rf2
{[%clk 0:00:05]} Rh3 {[%clk 0:00:06]} 34. Ne2 {[%clk 0:00:03]} Qh4
{[%clk 0:00:05]} 35. Qxh4 {[%clk 0:00:04]} Bxh4 {[%clk 0:00:06]} 36. Rf1
{[%clk 0:00:04]} Be7 {[%clk 0:00:05]} 37. Kg2 {[%clk 0:00:06]} Rh8
{[%clk 0:00:04]} 38. Ra1 {[%clk 0:00:07]} Rb8 {[%clk 0:00:04]} 39. Nc3
{[%clk 0:00:06]} Bd8 {[%clk 0:00:05]} 40. b5 {[%clk 0:00:05]} f5 {[%clk 0:00:04]}
41. Rb1 {[%clk 0:00:05]} Ra8 {[%clk 0:00:05]} 42. bxc6 {[%clk 0:00:06]} bxc6
{[%clk 0:00:06]} 43. Rb7+ {[%clk 0:00:08]} Kf6 {[%clk 0:00:07]} 44. Nb4
{[%clk 0:00:06]} Ba5 {[%clk 0:00:06]} 45. Nca2 {[%clk 0:00:04]} Nc5
{[%clk 0:00:05]} 46. Rh7 {[%clk 0:00:04]} fxe4 {[%clk 0:00:05]} 47. dxe4
{[%clk 0:00:04]} Bxb4 48. Nxb4 {[%clk 0:00:06]} Ra4 {[%clk 0:00:04]} 49. Nxc6
{[%clk 0:00:04]} Rxc4 {[%clk 0:00:05]} 50. Nd8 {[%clk 0:00:05]} Rc2+
{[%clk 0:00:04]} 51. Kf3 {[%clk 0:00:05]} g5 {[%clk 0:00:05]} 52. Rf7+
{[%clk 0:00:05]} Kg6 {[%clk 0:00:06]} 53. Rc7 {[%clk 0:00:05]} Rc1
{[%clk 0:00:04]} 54. Rc6 {[%clk 0:00:05]} Rf1+ {[%clk 0:00:04]} 55. Kg2
{[%clk 0:00:06]} Rf6 {[%clk 0:00:05]} 56. Rc7 {[%clk 0:00:04]} Nxe4
{[%clk 0:00:06]} 57. Nc6 {[%clk 0:00:04]} g4 {[%clk 0:00:07]} 58. Ne7+
{[%clk 0:00:05]} Kg5 {[%clk 0:00:08]} 59. Nd5 {[%clk 0:00:06]} Rf2+
{[%clk 0:00:09]} 60. Kg1 {[%clk 0:00:07]} Rd2 {[%clk 0:00:09]} 61. Nc3
{[%clk 0:00:05]} Nxc3 {[%clk 0:00:07]} 62. Rxc3 {[%clk 0:00:06]} d5
{[%clk 0:00:08]} 63. Ra3 {[%clk 0:00:03]} Re2 {[%clk 0:00:07]} 64. Ra5
{[%clk 0:00:04]} Rd2 {[%clk 0:00:08]} 65. e4 {[%clk 0:00:04]} dxe4
{[%clk 0:00:06]} 66. Rxe5+ {[%clk 0:00:05]} Kf4 {[%clk 0:00:08]} 67. Re8
{[%clk 0:00:05]} Ke3 {[%clk 0:00:05]} 68. Rg8 {[%clk 0:00:04]} Kd3
{[%clk 0:00:04]} 69. Rxg4 {[%clk 0:00:03]} e3 {[%clk 0:00:06]} 70. Rg8
{[%clk 0:00:04]} Rd1+ {[%clk 0:00:07]} 71. Kg2 {[%clk 0:00:05]} e2
{[%clk 0:00:08]} 72. Rd8+ {[%clk 0:00:06]} Kc4 {[%clk 0:00:09]} 73. Re8
{[%clk 0:00:03]} e1=Q {[%clk 0:00:09]} 74. Rxe1 Rxe1 {[%clk 0:00:10]} 75. h4
{[%clk 0:00:05]} Kd5 {[%clk 0:00:10]} 0-1

[Event "Russian Blitz Championship (m)"]
[Site "Sochi"]
[Date "2022.10.14"]
[Round "3.18"]
[White "Popov, Maksim"]
[Black "Smirnov, Pavel"]
[Result "0-1"]
[BlackElo "2467"]
[WhiteElo "2200"]
[LiveChessVersion "1.4.8"]

1. e4 {[%clk 0:03:02]} e5 {[%clk 0:03:03]} 2. Nf3 {[%clk 0:03:03]} Nc6
{[%clk 0:03:05]} 3. Bb5 {[%clk 0:03:02]} a6 {[%clk 0:03:06]} 4. Ba4
{[%clk 0:03:03]} Nf6 {[%clk 0:03:07]} 5. O-O {[%clk 0:03:03]} Be7
{[%clk 0:03:08]} 6. d3 {[%clk 0:03:05]} d6 {[%clk 0:03:09]} 7. c4
{[%clk 0:02:56]} O-O {[%clk 0:03:09]} 8. Nc3 {[%clk 0:02:54]} Bg4
{[%clk 0:03:10]} 9. Be3 {[%clk 0:02:55]} Nd4 {[%clk 0:03:11]} 10. Bxd4
{[%clk 0:02:56]} exd4 {[%clk 0:03:13]} 11. Nd5 {[%clk 0:02:49]} Nxd5
{[%clk 0:03:00]} 12. cxd5 {[%clk 0:02:46]} b5 {[%clk 0:03:01]} 13. Bb3
{[%clk 0:02:44]} f5 {[%clk 0:03:02]} 14. h3 {[%clk 0:02:27]} fxe4
{[%clk 0:02:57]} 15. hxg4 {[%clk 0:02:03]} exf3 {[%clk 0:02:57]} 16. gxf3
{[%clk 0:02:04]} Bg5 {[%clk 0:02:41]} 17. a4 {[%clk 0:02:01]} Rb8
{[%clk 0:02:13]} 18. axb5 {[%clk 0:01:58]} Rxb5 {[%clk 0:02:14]} 19. Kg2
{[%clk 0:01:48]} Qf6 {[%clk 0:02:08]} 20. Ra3 {[%clk 0:01:23]} Bf4
{[%clk 0:02:03]} 21. Qe2 {[%clk 0:01:12]} Be5 {[%clk 0:02:04]} 22. Qe4
{[%clk 0:01:02]} Qg5 {[%clk 0:01:55]} 23. Rh1 {[%clk 0:00:50]} g6
{[%clk 0:01:56]} 24. Ba4 {[%clk 0:00:16]} Rxb2 {[%clk 0:01:56]} 25. Bd7
{[%clk 0:00:17]} Qe3 {[%clk 0:01:26]} 26. Rf1 {[%clk 0:00:16]} Rf4
{[%clk 0:01:18]} 27. Qxe3 {[%clk 0:00:16]} dxe3 {[%clk 0:01:19]} 28. Rxa6
{[%clk 0:00:15]} e2 {[%clk 0:01:18]} 29. Be6+ {[%clk 0:00:04]} Kg7
{[%clk 0:01:18]} 30. Rc1 {[%clk 0:00:03]} Bc3 {[%clk 0:01:16]} 31. Raa1 0-1

[Event "Russian Blitz Championship (m)"]
[Site "Sochi"]
[Date "2022.10.14"]
[Round "3.19"]
[White "Chizhikov, Vladislav"]
[Black "Turov, Maxim"]
[Result "0-1"]
[BlackElo "2465"]
[WhiteElo "2179"]
[LiveChessVersion "1.4.8"]

1. e4 {[%clk 0:03:02]} c6 {[%clk 0:03:03]} 2. d4 d5 {[%clk 0:03:06]} 3. Nc3
{[%clk 0:03:04]} dxe4 4. Nxe4 {[%clk 0:03:04]} Nf6 {[%clk 0:03:07]} 5. Nxf6+
{[%clk 0:03:04]} exf6 {[%clk 0:03:09]} 6. c3 {[%clk 0:02:51]} Bd6
{[%clk 0:03:09]} 7. Bd3 {[%clk 0:02:51]} Na6 {[%clk 0:03:10]} 8. Nf3
{[%clk 0:02:49]} Bg4 {[%clk 0:03:02]} 9. O-O {[%clk 0:02:48]} O-O
{[%clk 0:02:54]} 10. h3 {[%clk 0:02:48]} Bh5 {[%clk 0:02:51]} 11. Bf5
{[%clk 0:02:49]} Nc7 {[%clk 0:02:29]} 12. Qd3 {[%clk 0:02:49]} Bg6
{[%clk 0:02:30]} 13. Bxg6 {[%clk 0:02:49]} hxg6 {[%clk 0:02:29]} 14. Re1
{[%clk 0:02:45]} Qd7 {[%clk 0:02:27]} 15. Bd2 {[%clk 0:02:41]} a5
{[%clk 0:02:27]} 16. a4 {[%clk 0:02:40]} Nd5 {[%clk 0:02:23]} 17. Re2
{[%clk 0:02:39]} b5 {[%clk 0:02:16]} 18. b3 {[%clk 0:02:25]} Nb6 {[%clk 0:02:07]}
19. c4 {[%clk 0:02:10]} bxa4 {[%clk 0:01:55]} 20. bxa4 {[%clk 0:02:06]} Bb4
{[%clk 0:01:41]} 21. Be3 {[%clk 0:01:57]} Qe6 {[%clk 0:01:31]} 22. d5
{[%clk 0:01:49]} cxd5 {[%clk 0:01:26]} 23. Bxb6 {[%clk 0:01:47]} Qxb6
{[%clk 0:01:21]} 24. cxd5 {[%clk 0:01:45]} Rfd8 {[%clk 0:01:21]} 25. Rd1
{[%clk 0:01:43]} Rd7 {[%clk 0:01:20]} 26. Re4 {[%clk 0:01:34]} Rad8
{[%clk 0:01:19]} 27. Qc4 {[%clk 0:01:32]} Qc5 {[%clk 0:01:17]} 28. Qxc5
{[%clk 0:00:40]} Bxc5 {[%clk 0:01:18]} 29. Rc4 {[%clk 0:00:40]} Rxd5
{[%clk 0:01:17]} 30. Rxd5 {[%clk 0:00:40]} Rxd5 {[%clk 0:01:18]} 31. Kf1
{[%clk 0:00:41]} g5 {[%clk 0:01:10]} 32. Nd2 {[%clk 0:00:41]} Bxf2
{[%clk 0:01:05]} 33. Nb3 {[%clk 0:00:41]} Bg3 {[%clk 0:01:01]} 34. Ke2
{[%clk 0:00:42]} Rf5 {[%clk 0:00:58]} 35. Rc2 {[%clk 0:00:29]} Kh7
{[%clk 0:00:52]} 36. Ke3 {[%clk 0:00:29]} Kg6 {[%clk 0:00:51]} 37. Nd4
{[%clk 0:00:21]} Rf4 {[%clk 0:00:44]} 38. Re2 {[%clk 0:00:13]} g4
{[%clk 0:00:35]} 39. hxg4 {[%clk 0:00:14]} Rxg4 {[%clk 0:00:37]} 40. Ra2
{[%clk 0:00:15]} Bd6 {[%clk 0:00:34]} 41. Nf3 {[%clk 0:00:08]} Bc5+
{[%clk 0:00:35]} 42. Kd3 {[%clk 0:00:08]} Rf4 {[%clk 0:00:31]} 43. Rc2
{[%clk 0:00:09]} Bd6 {[%clk 0:00:30]} 44. Rc6 {[%clk 0:00:09]} Ba3
{[%clk 0:00:19]} 45. Ne5+ {[%clk 0:00:10]} Kf5 {[%clk 0:00:19]} 46. Nxf7
{[%clk 0:00:11]} Rxa4 {[%clk 0:00:20]} 47. Nd8 {[%clk 0:00:09]} Be7
{[%clk 0:00:16]} 48. Ne6 {[%clk 0:00:09]} Ra3+ {[%clk 0:00:17]} 49. Ke2
{[%clk 0:00:09]} g5 {[%clk 0:00:17]} 50. Nd4+ {[%clk 0:00:05]} Kg4
{[%clk 0:00:17]} 51. Nf3 {[%clk 0:00:05]} Kg3 {[%clk 0:00:14]} 52. Nd2
{[%clk 0:00:03]} Ra2 {[%clk 0:00:13]} 53. Kd3 {[%clk 0:00:05]} Kxg2 54. Re6
{[%clk 0:00:06]} Bb4 {[%clk 0:00:10]} 55. Re2+ {[%clk 0:00:06]} Kh3
{[%clk 0:00:10]} 56. Re3+ {[%clk 0:00:08]} Kg4 {[%clk 0:00:10]} 57. Re4+
{[%clk 0:00:09]} Kf5 {[%clk 0:00:11]} 58. Nc4 {[%clk 0:00:08]} Bc5
{[%clk 0:00:09]} 59. Re8 {[%clk 0:00:08]} Ra1 {[%clk 0:00:10]} 60. Rc8
{[%clk 0:00:08]} Bb4 {[%clk 0:00:10]} 61. Rc6 {[%clk 0:00:08]} Re1
{[%clk 0:00:11]} 62. Ne3+ {[%clk 0:00:09]} Rxe3+ {[%clk 0:00:11]} 63. Kxe3
{[%clk 0:00:10]} g4 {[%clk 0:00:12]} 64. Ra6 {[%clk 0:00:10]} Kg5
{[%clk 0:00:13]} 65. Ra8 {[%clk 0:00:09]} f5 {[%clk 0:00:13]} 66. Ke2
{[%clk 0:00:10]} Kf4 {[%clk 0:00:13]} 67. Ra7 {[%clk 0:00:10]} g3
{[%clk 0:00:13]} 68. Rg7 {[%clk 0:00:10]} Bc5 {[%clk 0:00:12]} 69. Rg6
{[%clk 0:00:10]} a4 {[%clk 0:00:13]} 70. Ra6 {[%clk 0:00:10]} g2 {[%clk 0:00:10]}
71. Rxa4+ {[%clk 0:00:11]} Ke5 {[%clk 0:00:08]} 0-1

[Event "Russian Blitz Championship (m)"]
[Site "Sochi"]
[Date "2022.10.14"]
[Round "3.20"]
[White "Savitskiy, Sergey"]
[Black "Alekseev, Evgeny"]
[Result "1-0"]
[BlackElo "2579"]
[WhiteElo "2363"]
[LiveChessVersion "1.4.8"]

1. e4 {[%clk 0:03:02]} e5 {[%clk 0:03:03]} 2. Nf3 {[%clk 0:03:01]} Nc6
{[%clk 0:03:03]} 3. d4 {[%clk 0:03:02]} exd4 {[%clk 0:03:03]} 4. Nxd4
{[%clk 0:03:03]} Nf6 {[%clk 0:03:02]} 5. Nxc6 {[%clk 0:03:03]} bxc6
{[%clk 0:03:03]} 6. e5 {[%clk 0:03:04]} Qe7 {[%clk 0:03:03]} 7. Qe2
{[%clk 0:03:05]} Nd5 {[%clk 0:03:02]} 8. c4 {[%clk 0:03:05]} Qb4+
{[%clk 0:02:59]} 9. Nd2 {[%clk 0:02:37]} Nf4 {[%clk 0:02:58]} 10. Qe3
{[%clk 0:02:19]} Ne6 {[%clk 0:02:55]} 11. Bd3 {[%clk 0:02:12]} Be7
{[%clk 0:02:16]} 12. O-O {[%clk 0:02:09]} Bb7 {[%clk 0:02:08]} 13. Ne4
{[%clk 0:02:01]} h5 {[%clk 0:01:29]} 14. Kh1 {[%clk 0:01:32]} Qb6
{[%clk 0:01:28]} 15. Qe2 {[%clk 0:01:28]} c5 {[%clk 0:01:23]} 16. Be3
{[%clk 0:01:19]} h4 {[%clk 0:01:01]} 17. h3 {[%clk 0:01:20]} Nd4 {[%clk 0:00:50]}
18. Qd2 {[%clk 0:01:02]} Qe6 {[%clk 0:00:44]} 19. f4 {[%clk 0:00:54]} f5
{[%clk 0:00:25]} 20. exf6 {[%clk 0:00:40]} gxf6 {[%clk 0:00:26]} 21. Bxd4
{[%clk 0:00:39]} cxd4 {[%clk 0:00:24]} 22. f5 {[%clk 0:00:41]} Qc6
{[%clk 0:00:13]} 23. b4 {[%clk 0:00:36]} a6 {[%clk 0:00:07]} 24. a4
{[%clk 0:00:34]} a5 {[%clk 0:00:04]} 25. b5 {[%clk 0:00:35]} Qb6 {[%clk 0:00:06]}
26. Rac1 {[%clk 0:00:27]} c5 {[%clk 0:00:07]} 27. bxc6 {[%clk 0:00:26]} Qxc6
{[%clk 0:00:08]} 28. c5 {[%clk 0:00:25]} Qc7 {[%clk 0:00:09]} 29. Rfe1
{[%clk 0:00:23]} Kf8 {[%clk 0:00:08]} 30. Bc4 {[%clk 0:00:19]} Bc6
{[%clk 0:00:08]} 31. Qxd4 {[%clk 0:00:18]} Rh6 {[%clk 0:00:06]} 32. Nd6
{[%clk 0:00:17]} Rb8 {[%clk 0:00:03]} 33. Qg4 {[%clk 0:00:12]} Rh8 34. Rxe7 1-0

[Event "Russian Blitz Championship (m)"]
[Site "Sochi"]
[Date "2022.10.14"]
[Round "4.1"]
[White "Artemiev, Vladislav"]
[Black "Drygalov, Andrey"]
[Result "1-0"]
[BlackElo "2498"]
[WhiteElo "2832"]
[LiveChessVersion "1.4.8"]

1. Nf3 {[%clk 0:03:01]} d5 {[%clk 0:03:02]} 2. e3 {[%clk 0:03:01]} Nf6
{[%clk 0:03:02]} 3. b3 {[%clk 0:03:01]} Bf5 {[%clk 0:02:59]} 4. Ba3
{[%clk 0:02:58]} Nbd7 {[%clk 0:02:47]} 5. c4 {[%clk 0:02:58]} e6 {[%clk 0:02:47]}
6. Bxf8 {[%clk 0:02:57]} Nxf8 {[%clk 0:02:47]} 7. Nc3 {[%clk 0:02:57]} N8d7
{[%clk 0:02:43]} 8. Be2 {[%clk 0:02:58]} O-O {[%clk 0:02:43]} 9. O-O
{[%clk 0:02:57]} h6 {[%clk 0:02:41]} 10. b4 {[%clk 0:02:56]} dxc4
{[%clk 0:02:05]} 11. Bxc4 {[%clk 0:02:56]} Nb6 {[%clk 0:02:07]} 12. Be2
{[%clk 0:02:55]} Bd3 {[%clk 0:02:06]} 13. Rc1 {[%clk 0:02:29]} c6
{[%clk 0:02:04]} 14. Qb3 {[%clk 0:02:15]} Rc8 {[%clk 0:01:50]} 15. Rfd1
{[%clk 0:02:08]} Bxe2 {[%clk 0:01:23]} 16. Nxe2 {[%clk 0:02:08]} Qd5
{[%clk 0:01:24]} 17. Qa3 {[%clk 0:02:05]} a6 {[%clk 0:01:19]} 18. Nf4
{[%clk 0:01:48]} Qd6 {[%clk 0:01:19]} 19. Nd3 {[%clk 0:01:40]} Nbd5
{[%clk 0:00:40]} 20. Nc5 {[%clk 0:01:41]} b6 {[%clk 0:00:21]} 21. Nxa6
{[%clk 0:01:27]} Ra8 {[%clk 0:00:22]} 22. Qd3 {[%clk 0:01:28]} Rfd8
{[%clk 0:00:06]} 23. a4 {[%clk 0:00:50]} b5 {[%clk 0:00:07]} 24. axb5
{[%clk 0:00:48]} cxb5 {[%clk 0:00:09]} 25. Nc5 {[%clk 0:00:49]} Nxb4
{[%clk 0:00:07]} 26. Qxb5 {[%clk 0:00:48]} Rab8 {[%clk 0:00:06]} 27. Qa4
{[%clk 0:00:42]} Rdc8 {[%clk 0:00:04]} 28. d4 {[%clk 0:00:41]} Nbd5
{[%clk 0:00:05]} 29. Ne5 {[%clk 0:00:40]} Qc7 {[%clk 0:00:03]} 30. h3
{[%clk 0:00:38]} Ra8 {[%clk 0:00:05]} 31. Qc2 {[%clk 0:00:36]} Qe7
{[%clk 0:00:06]} 32. Qe2 {[%clk 0:00:35]} Ra3 {[%clk 0:00:07]} 33. Ra1
{[%clk 0:00:25]} Rxa1 {[%clk 0:00:07]} 34. Rxa1 {[%clk 0:00:26]} Qc7
{[%clk 0:00:03]} 35. Qb5 {[%clk 0:00:22]} Rb8 {[%clk 0:00:04]} 36. Qc6
{[%clk 0:00:21]} Qxc6 {[%clk 0:00:05]} 37. Nxc6 {[%clk 0:00:22]} Rb2
{[%clk 0:00:06]} 38. Ra8+ {[%clk 0:00:21]} Kh7 {[%clk 0:00:07]} 39. Ne5
{[%clk 0:00:22]} Nc3 {[%clk 0:00:04]} 40. Nxf7 {[%clk 0:00:20]} Nfe4
{[%clk 0:00:04]} 41. Rh8+ {[%clk 0:00:18]} Kg6 {[%clk 0:00:05]} 42. Ne5+
{[%clk 0:00:18]} Kf6 {[%clk 0:00:04]} 43. Rf8+ {[%clk 0:00:13]} Ke7
{[%clk 0:00:06]} 44. Rf7+ {[%clk 0:00:14]} Ke8 {[%clk 0:00:07]} 45. Nxe6
{[%clk 0:00:15]} Ne2+ {[%clk 0:00:05]} 46. Kh2 {[%clk 0:00:15]} 1-0

[Event "Russian Blitz Championship (m)"]
[Site "Sochi"]
[Date "2022.10.14"]
[Round "4.2"]
[White "Triapishko, Alexandr"]
[Black "Tomashevsky, Evgeny"]
[Result "1-0"]
[BlackElo "2695"]
[WhiteElo "2479"]
[LiveChessVersion "1.4.8"]

1. Nf3 {[%clk 0:03:02]} d5 {[%clk 0:03:03]} 2. g3 {[%clk 0:03:03]} Nf6
{[%clk 0:03:02]} 3. Bg2 {[%clk 0:03:04]} e6 {[%clk 0:03:02]} 4. O-O
{[%clk 0:03:04]} Be7 {[%clk 0:03:03]} 5. b3 {[%clk 0:03:04]} O-O {[%clk 0:02:59]}
6. Bb2 {[%clk 0:03:05]} c5 {[%clk 0:02:59]} 7. e3 {[%clk 0:02:59]} Nc6
{[%clk 0:02:55]} 8. Ne5 {[%clk 0:02:59]} Bd7 {[%clk 0:02:42]} 9. Nxd7
{[%clk 0:02:49]} Nxd7 {[%clk 0:02:40]} 10. c4 {[%clk 0:02:12]} Bf6
{[%clk 0:02:02]} 11. Nc3 {[%clk 0:01:36]} d4 {[%clk 0:01:38]} 12. Ne4
{[%clk 0:01:22]} Be7 {[%clk 0:01:39]} 13. exd4 {[%clk 0:01:15]} Nxd4
{[%clk 0:01:32]} 14. Bxd4 {[%clk 0:00:54]} cxd4 {[%clk 0:01:33]} 15. d3
{[%clk 0:00:55]} a5 {[%clk 0:01:24]} 16. Qc2 {[%clk 0:00:24]} Qc7
{[%clk 0:01:01]} 17. Qe2 {[%clk 0:00:21]} a4 {[%clk 0:00:46]} 18. Rab1
{[%clk 0:00:15]} axb3 {[%clk 0:00:45]} 19. Rxb3 {[%clk 0:00:10]} Ra7
{[%clk 0:00:43]} 20. a4 {[%clk 0:00:07]} b6 {[%clk 0:00:43]} 21. Qb2
{[%clk 0:00:04]} f5 {[%clk 0:00:28]} 22. Nd2 Nc5 23. Rb5 {[%clk 0:00:04]} Bf6
{[%clk 0:00:28]} 24. Qc2 {[%clk 0:00:04]} Nxa4 {[%clk 0:00:29]} 25. Nb1
{[%clk 0:00:04]} Kh8 {[%clk 0:00:22]} 26. Re1 {[%clk 0:00:05]} e5
{[%clk 0:00:23]} 27. Bd5 {[%clk 0:00:03]} Nc5 {[%clk 0:00:23]} 28. Kg2
{[%clk 0:00:03]} h6 {[%clk 0:00:20]} 29. Nd2 {[%clk 0:00:04]} Ra3
{[%clk 0:00:21]} 30. Nb3 {[%clk 0:00:06]} Na4 {[%clk 0:00:20]} 31. c5
{[%clk 0:00:06]} bxc5 {[%clk 0:00:17]} 32. Nxc5 {[%clk 0:00:07]} Nc3
{[%clk 0:00:18]} 33. Ne6 {[%clk 0:00:07]} Qd6 {[%clk 0:00:17]} 34. Nxf8
{[%clk 0:00:05]} Nxb5 {[%clk 0:00:11]} 35. Qc4 {[%clk 0:00:04]} Nc7
{[%clk 0:00:08]} 36. Ng6+ {[%clk 0:00:04]} Kh7 {[%clk 0:00:09]} 37. Bg8+
{[%clk 0:00:05]} Kxg6 {[%clk 0:00:08]} 38. Qf7+ 1-0